| 000 | 01004cab a22002055a 4500 | ||
|---|---|---|---|
| 001 | L147727 | ||
| 008 | 090609e20090605xxkdo f s 000 0 eng d | ||
| 035 | _a(Sirsi) u147727 | ||
| 041 | 0 | _aeng | |
| 100 | 1 | _aTrajkovic, Sasa | |
| 245 | 0 | 0 |
_aCountry focus _bSerbia |
| 260 | _c2009 | ||
| 490 | 0 |
_aBuilding _v274 (8582) 06 June 2009, 50-52 (3) |
|
| 520 | _aExamines Serbia's economy and its construction market. Reports that Serbia is starting to be affected by the international crisis. Suggests the country is experiencing a decline in business activity, foreign investment and work for the construction industry. The construction industry has seen a 9.5% increase. The country enjoys competitive costs and has seen a 50% annual increase in the construction of semi-detached houses. Tables of the Serbian economy at glance and construction costs. | ||
| 590 | _aKA | ||
| 651 | 4 | _aSerbia | |
| 690 | _aBUILT ENVIRONMENT-CONSTRUCTION MARKET | ||
| 690 | _aBUILT ENVIRONMENT-BUILDING COSTS | ||
| 942 | _n0 | ||
| 999 |
_c81622 _d81622 |
||